| 000 | 00996cam a2200253 i 4500 | ||
|---|---|---|---|
| 003 | SA-RiAUC | ||
| 005 | 20260205135032.0 | ||
| 008 | 260128s1955 le g 000r0 ara c | ||
| 040 |
_aSA-JeALM _bara _cSA-RiAUC _erda |
||
| 082 | 0 | 4 | _a415.1 |
| 090 |
_aم ن 415.1 _bش ا ل |
||
| 100 | 1 |
_aالشالي، محمد علي، _d1334 هجري- _eمؤلف. |
|
| 245 | 1 | 2 |
_aالنحو المدرسي في القواعد العربية والتطبيق / _cتأليف محمد علي الشالي. |
| 250 | _aالطبعة السابعة. | ||
| 264 | 1 |
_aمكة المكرمة : _bمطبعة مكتبة الاقتصاد، _c[1950] |
|
| 264 | 3 |
_aبيروت : _bمطابع دار الكشاف |
|
| 300 |
_a50 صفحة ؛ _c29 سم. |
||
| 336 |
_aنص _btxt _2rdacontent _3كتاب |
||
| 337 |
_aبدون وسيط _bn _2rdamedia |
||
| 338 |
_aمجلد _bnc _2rdacarrier |
||
| 650 | 7 |
_aاللغة العربية _xنحو _2aucsh |
|
| 942 |
_2ddc _cRBOOK COPY _n0 |
||
| 949 |
_aSA-JeALM _d260128 _umohamedma123 _n1 |
||
| 999 |
_c14271 _d14271 |
||